| 000 | 01065nam a2200265Ia 4500 | ||
|---|---|---|---|
| 003 | OSt | ||
| 005 | 20220923211326.0 | ||
| 006 | a|||||r|||| 00| 0 | ||
| 007 | ta | ||
| 008 | 220922b |||||||| |||| 00| 0 hin d | ||
| 020 |
_a9788181663740 (hbk) _c300 |
||
| 024 | _a273,279 | ||
| 037 |
_b23062, 16/08/2013, Kitab Ghar _cTextual |
||
| 040 |
_aARTS _cARTS _bhin |
||
| 041 |
_2hin _ahin |
||
| 082 | _aX62:9.2, 152Q1 | ||
| 100 | _aकमला राजन, संपा. | ||
| 245 | 0 | _aभारतीय बैंकिंग क्षेत्र में क्षमतावर्धन और मानव संसाधन विकास | |
| 246 | _aBhāratīya baiankianga kṣhetra mean kṣhamatāvardhan aur mānav sansādhan vikāsa | ||
| 260 |
_aदिल्ली _b मेधा बुक्स _c2011 |
||
| 300 |
_a208पृ. _ccm. |
||
| 650 | _aअर्थशास्त्र | ||
| 942 |
_hX62:9.2, 152Q1 _cTEXL _2CC |
||
| 999 |
_c298526 _d298526 |
||